Les clichés des pays - Statistiques

Statistiques générales
  • Ce quiz a été pris 478 fois
  • Le résultat moyen est 8 sur 10
Statistiques - réponses
Hint Réponse % Correct
Quel pays est connu pour son plat à base de pates ? Italie
99%
C’est un plat à base de tranches de poisson cru, que l’on déguste souvent avec du riz ? Japon
93%
l est souvent accompagné de légumes crus .Parmi les principaux repas traditionnels, on peut aussi goûter les nems, le porc au caramel, le poulet à l’ananas, les nouilles, le riz cantonnais, le bœuf mariné aux épices et le thé ? Chine
92%
C’est une galette à base de grains de maïs et d’eau. Grâce à cette tortilla, vous pourrez préparer des tacos (à base de viande) ou des enchiladas (avec de la viande, du fromage et de la tomate). Le guacamole est aussi un repas mexicain très prisé ? Mexique
92%
Ce sont deux repas traditionnels très répandus. Le couscous se compose de semoule de blé, de viande de bœuf ou de mouton et de légumes et légumineuses. Le tajine quant à lui est préparé avec des légumes, de la viande ou du poisson, dans le plat traditionnel ? Algérie
91%
Un menu simple composé de poisson enrobé de chapelure croustillante et de frites ? Angleterre
83%
Le fameux sandwich est le plat national dans le pays. On connait sa recette mais on peut réaliser de nombreuses variantes, tout en utilisant de la viande de bœuf et des buns ? Amérique
82%
Quels pays est connu pour son plat composé de frites et de fromage ? Canada
80%
Avec des épices aux filets de poulett. L’agneau tikka massala est aussi une recette incontournable. Le curry est les épices sont beaucoup utilisés ? Inde
80%
C’est une purée de pois chiches à l’huile ou la crème de sésame, Toujours à base de pois chiches ? Liban
54%
Aucun quiz correspondant
Distribution des résultats
% des personnes avec chaque résultat
Percentile par nombre de réponses
Votre historique - résultats
Vous n’avez pas pris ce quiz